SCREENING AND DIOGNOSIS OF FETAL MALFORMATION: APRACTICAL GUIDE / (Record no. 796584)

MARC details
000 -LEADER
fixed length control field 00515pam a2200181 a 4500
020 ## - INTERNATIONAL STANDARD BOOK NUMBER
International Standard Book Number 8172252064
Terms of availability 225.00
041 ## - LANGUAGE CODE
Language code of text/sound track or separate title eng
Language code of original NULL
082 ## - DEWEY DECIMAL CLASSIFICATION NUMBER
Classification number 618.2
Item number DEB
100 ## - MAIN ENTRY--PERSONAL NAME
Personal name DEBDAS, A.K.
245 ## - TITLE STATEMENT
Title SCREENING AND DIOGNOSIS OF FETAL MALFORMATION: APRACTICAL GUIDE /
Statement of responsibility, etc. NULL.
Medium Textual Documents
260 ## - PUBLICATION, DISTRIBUTION, ETC.
Place of publication, distribution, etc. NULL :
Name of publisher, distributor, etc. B.I. PUB. ,
Date of publication, distribution, etc. 2004.
300 ## - PHYSICAL DESCRIPTION
Extent 209 : :
Other physical details XVI ; ;
Dimensions A4 . +
Accompanying material PB.
365 ## - TRADE PRICE
Price type code 225.00
Price note 4
650 ## - SUBJECT ADDED ENTRY--TOPICAL TERM
Topical term or geographic name entry element OBST.GYNE
907 ## - LOCAL DATA ELEMENT G, LDG (RLIN)
a 5117
-- 5118
-- 5119
-- 5120
930 ## - EQUIVALENCE OR CROSS-REFERENCE-UNIFORM TITLE HEADING [LOCAL, CANADA]
Uniform title 2048
Holdings
Withdrawn status Lost status Damaged status Not for loan Collection Home library Current library Date acquired Source of acquisition Cost, normal purchase price Total Checkouts Full call number Barcode Date last seen Copy number Price effective from Koha item type
          Medical College & Hospital, Sangli Medical College & Hospital, Sangli 27/08/2007 B.M.S.G.B.PUNE 225.00   618.2 DEB MCS-5120 26/07/2023 5 26/07/2023 Book
          Medical College & Hospital, Sangli Medical College & Hospital, Sangli 27/08/2007 B.M.S.G.B.PUNE 225.00   618.2 DEB MCS-5119 26/07/2023 4 26/07/2023 Book
          Medical College & Hospital, Sangli Medical College & Hospital, Sangli 27/08/2007 B.M.S.G.B.PUNE 225.00   618.2 DEB MCS-5118 26/07/2023 3 26/07/2023 Book
          Medical College & Hospital, Sangli Medical College & Hospital, Sangli 27/08/2007 B.M.S.G.B.PUNE 225.00   618.2 DEB MCS-5117 26/07/2023 2 26/07/2023 Book
          Medical College & Hospital, Sangli Medical College & Hospital, Sangli 27/08/2007 B.M.S.G.B.PUNE 225.00   618.2 DEB MCS-5116 26/07/2023 1 26/07/2023 Book